Identificación de nematodos en café (Coffea arábica L.) Santo Domingo Chiapas, México / (Record no. 220055)
[ view plain ]
| 000 -CABECERA | |
|---|---|
| campo de control de longitud fija | 02733nam a2200325 a 4500 |
| 003 - IDENTIFICADOR DEL NÚMERO DE CONTROL | |
| campo de control | OSt |
| 005 - FECHA Y HORA DE LA ÚLTIMA TRANSACCIÓN | |
| campo de control | 20240817002658.0 |
| 007 - CAMPO FIJO DE DESCRIPCIÓN FÍSICA--INFORMACIÓN GENERAL | |
| campo de control de longitud fija | cr ||||||a|c|a |
| 008 - DATOS DE LONGITUD FIJA--INFORMACIÓN GENERAL | |
| campo de control de longitud fija | 240805s2023 mx a|||fom||| 001 0 spa d |
| 040 ## - FUENTE DE LA CATALOGACIÓN | |
| Normas de descripción | rda |
| 100 1# - ENTRADA PRINCIPAL--NOMBRE DE PERSONA | |
| Nombre de persona | López Rodríguez, Yarami Guadalupe |
| 9 (RLIN) | 189345 |
| 245 10 - MENCIÓN DE TÍTULO | |
| Título | Identificación de nematodos en café (Coffea arábica L.) Santo Domingo Chiapas, México / |
| Mención de responsabilidad, etc. | por Yarami Guadalupe López Rodríguez; director de tesis Calixto Leopoldo Carrillo Fonseca; secretario Moises Camacho Tapia; vocal Luis Othón Espinosa Carrillo; suplente José Alfredo Domínguez Valenzuela; suplente Santos Gerardo Leyva Mir. |
| 264 #1 - PRODUCCIÓN, PUBLICACIÓN, DISTRIBUCIÓN, FABRICACIÓN Y COPYRIGHT | |
| Producción, publicación, distribución, fabricación y copyright | Chapingo, México : |
| Nombre del de productor, editor, distribuidor, fabricante | El autor, |
| Fecha de producción, publicación, distribución, fabricación o copyright | 2023. |
| 300 ## - DESCRIPCIÓN FÍSICA | |
| Extensión | 1 recurso en línea (64 páginas): |
| Otras características físicas | cuadros, figuras. |
| 336 ## - TIPO DE CONTENIDO | |
| Fuente | rdacontent |
| Término de tipo de contenido | texto |
| Código de tipo de contenido | txt |
| 337 ## - TIPO DE MEDIO | |
| Fuente | rdamedia |
| Nombre/término del tipo de medio | computadora |
| Código del tipo de medio | c |
| 338 ## - TIPO DE SOPORTE | |
| Fuente | rdacarrier |
| Nombre/término del tipo de soporte | recurso en línea |
| Código del tipo de soporte | cr |
| 502 ## - NOTA DE TESIS | |
| Tipo de título | Ingeniero Agrónomo Especialista en Parasitología Agrícola |
| Nombre de la institución que otorga el título | Departamento de Enseñanza, Investigación y Servicio en Parasitología Agrícola, |
| Año de obtención del título | 2023. |
| Información miscelánea | Licenciatura |
| 504 ## - NOTA DE BIBLIOGRAFÍA, ETC. | |
| Nota de bibliografía, etc. | Incluye referencias bibliográficas: páginas 40-44. |
| 520 ## - SUMARIO, ETC. | |
| Sumario, etc. | El objetivo general fue identificar los principales géneros y especies de nematodos asociados al cultivo de café (Coffea arábica L.) en la región de Santo Domingo Chiapas, México. Las muestras colectadas fueron almacenadas por 6 años aproximadamente, para poder ser procesadas fueron elegidas las técnicas que se adecuaron más durante el desarrollo de este trabajo. Dichas técnicas serán mencionadas a continuación en orden cronológico: tamizado, extracción, separación de ejemplares filiformes de los no filiformes, corte perineal, montaje de especímenes y conteo de nematodos conformaron la fase de laboratorio. La identificación a nivel de género se llevó a cabo utilizando las siguientes claves: “Clave para la identificación de géneros de nematodos fitoparásitos (hembras vermiformes, hembras no vermiformes) y nematodos fitoparásitos cuyas hembras adultas son abultadas (juveniles móviles)”. Los géneros identificados y asociados al cultivo de café en la zona de Santo Domingo Chiapas son: Meloidogyne sp., Criconemella sp., Rotylenchus sp. y Helicotylenchus sp. |
| 650 #4 - PUNTO DE ACCESO ADICIONAL DE MATERIA--TÉRMINO DE MATERIA | |
| Término de materia o nombre geográfico como elemento de entrada | Café |
| Subdivisión general | Enfermedades por nemátodos |
| 9 (RLIN) | 17140 |
| 650 #4 - PUNTO DE ACCESO ADICIONAL DE MATERIA--TÉRMINO DE MATERIA | |
| Término de materia o nombre geográfico como elemento de entrada | Nématodos parásitos en plantas |
| Subdivisión general | Identificación |
| 9 (RLIN) | 189346 |
| 700 1# - PUNTO DE ACCESO ADICIONAL--NOMBRE DE PERSONA | |
| Nombre de persona | Carrillo Fonseca, Calixto Leopoldo |
| 9 (RLIN) | 19482 |
| Término indicativo de función/relación | Director de tesis. |
| 700 1# - PUNTO DE ACCESO ADICIONAL--NOMBRE DE PERSONA | |
| Nombre de persona | Camacho Tapia, Moises |
| 9 (RLIN) | 17710 |
| Término indicativo de función/relación | Secretario. |
| 700 1# - PUNTO DE ACCESO ADICIONAL--NOMBRE DE PERSONA | |
| Nombre de persona | Espinosa Carrillo, Luis Othón |
| 9 (RLIN) | 37903 |
| Término indicativo de función/relación | Vocal. |
| 700 1# - PUNTO DE ACCESO ADICIONAL--NOMBRE DE PERSONA | |
| Nombre de persona | Domínguez Valenzuela, José Alfredo |
| 9 (RLIN) | 33907 |
| Término indicativo de función/relación | Suplente. |
| 700 1# - PUNTO DE ACCESO ADICIONAL--NOMBRE DE PERSONA | |
| Nombre de persona | Leyva Mir, Santos Gerardo |
| Término indicativo de función/relación | Suplente. |
| 9 (RLIN) | 66581 |
| 856 ## - LOCALIZACIÓN Y ACCESO ELECTRÓNICOS | |
| Identificador Uniforme del Recurso | http://10.13.5.2/tesis/tl/1010681-8_LOPEZ-RODRIGUEZ_YARAMI_GUADALUPE.pdf |
| Nota pública | DESCARGAR PDF |
| 942 ## - ELEMENTOS DE PUNTO DE ACCESO ADICIONAL (KOHA) | |
| Fuente del sistema de clasificación o colocación | Clasificación Universidad Autónoma Chapingo |
| Tipo de ítem Koha | Tesis digital |
| Estado de retiro | Estado de pérdida | Fuente del sistema de clasificación o colocación | Estado dañado | Restricciones de uso | No para préstamo | Código de colección | Localización permanente | Ubicación/localización actual | Ubicación en estantería | Fecha de adquisición | Total de préstamos | Signatura topográfica completa | Fecha visto por última vez | Precio válido a partir de | Tipo de ítem Koha |
|---|---|---|---|---|---|---|---|---|---|---|---|---|---|---|---|
| Clasificación Universidad Autónoma de Chapingo | Préstamo interno | Tesis digitales de Licenciatura | Biblioteca Digital | Biblioteca Digital | En línea | 05/08/2024 | Tesis digital | 05/08/2024 | 05/08/2024 | Tesis digital |
